[Event "XXVIII Memorial Edoardo Crespi B"]
[Site "Milano ITA"]
[Date "2007.12.08"]
[Round "4"]
[White "Crippa, Oscar"]
[Black "Di Paola, Antonio"]
[Result "1-0"]
[WhiteElo "1727"]
[BlackElo "1806"]
[PlyCount "79"]
[EventDate "2007.12.06"]

1. e4 c6 2. Nc3 d5 3. Nf3 Bg4 4. h3 Bxf3 5. Qxf3 e6 6. exd5 cxd5 7. Bb5+ Nc6 8.
O-O Nf6 9. Re1 Be7 10. Bxc6+ bxc6 11. b3 O-O 12. Bb2 Qd7 13. Ne2 c5 14. Ng3 a5
15. Nh5 Nxh5 16. Qxh5 a4 17. Qg4 d4 18. d3 a3 19. Bc1 Bd6 20. Bf4 Bxf4 21. Qxf4
f6 22. Qe4 e5 23. Re2 Rae8 24. Rae1 Re6 25. g4 g5 26. Qf5 Rd6 27. Qxd7 Rxd7 28.
Kg2 Kf7 29. Rc1 Rfd8 30. Rh1 Kg6 31. f3 h5 32. Kf1 Rd5 33. Ke1 Rf8 34. Rg2 Kh6
35. Rhg1 Rd7 36. Kd2 Rfd8 37. Rh1 Kg6 38. Rgh2 f5 39. Rg2 Rf7 40. Rhg1 1-0

[Event "XXVIII Memorial Edoardo Crespi B"]
[Site "Milano ITA"]
[Date "2007.12.08"]
[Round "4"]
[White "D'Apa, Massimo"]
[Black "Villalba, Fernando"]
[Result "1-0"]
[WhiteElo "1704"]
[BlackElo "1891"]
[PlyCount "100"]
[EventDate "2007.12.06"]

1. e4 c5 2. c3 g6 3. d4 cxd4 4. cxd4 Bg7 5. Nc3 a6 6. Nf3 d6 7. Be2 Nf6 8. O-O
O-O 9. Be3 Nc6 10. Rc1 Ng4 11. Bf4 Nf6 12. Qd2 Bg4 13. Rfd1 Nh5 14. Bh6 Nf6 15.
Bxg7 Kxg7 16. h3 Bc8 17. d5 Na7 18. Qe3 Nd7 19. Rc2 Nc5 20. b4 Nd7 21. Rdc1 Nf6
22. Na4 Bd7 23. Nb6 Nb5 24. Nxa8 Qxa8 25. a4 Na7 26. a5 Nb5 27. Bxb5 Bxb5 28.
Rc7 Re8 29. Qd4 Kg8 30. e5 Nh5 31. exd6 exd6 32. Ng5 Rf8 33. g4 Ng7 34. Ne6
Nxe6 35. dxe6 Bc6 36. Qxd6 Qd8 37. exf7+ Kg7 38. Qxd8 Rxd8 39. f8=Q+ Kxf8 40.
Rxh7 Kg8 41. Re7 Rd3 42. Rc7 Be4 43. Re1 Bc6 44. Kh2 Rf3 45. Rd1 Rxf2+ 46. Kg3
Rf8 47. Kh4 Re8 48. Rd6 Be4 49. Rcd7 Rb8 50. Kg5 Re8 1-0

[Event "XXVIII Memorial Edoardo Crespi B"]
[Site "Milano ITA"]
[Date "2007.12.08"]
[Round "4"]
[White "D'Aulisa, Francesco"]
[Black "Poletto, Daniele"]
[Result "0-1"]
[WhiteElo "1852"]
[BlackElo "1815"]
[PlyCount "92"]
[EventDate "2007.12.06"]

1. e4 c5 2. Nf3 e6 3. d4 cxd4 4. Nxd4 a6 5. Bd3 Nc6 6. Nf3 Nf6 7. O-O d5 8.
exd5 Nxd5 9. Nbd2 Be7 10. a3 O-O 11. Ne4 Nf6 12. Ng3 Qc7 13. h3 b5 14. Ng5 h6
15. N5e4 Nxe4 16. Bxe4 f5 17. Bd3 e5 18. c4 Nd4 19. cxb5 axb5 20. Ne2 Nxe2+ 21.
Qxe2 b4 22. Bc4+ Kh7 23. a4 Bd7 24. b3 Rfc8 25. Bb2 e4 26. Rac1 Qb6 27. Rfd1
Be6 28. Bd4 Bxc4 29. Rxc4 Qa6 30. Rdc1 Rxc4 31. Rxc4 Rc8 32. Qc2 Rxc4 33. Qxc4
Qxc4 34. bxc4 Bf6 35. Bc5 b3 36. Ba3 b2 37. Bxb2 Bxb2 38. Kf1 Bd4 39. a5 Kg8
40. Ke2 Kf7 41. f3 Ke6 42. a6 Kd7 43. g4 g6 44. fxe4 fxe4 45. h4 Kc7 46. h5 g5
0-1

[Event "XXVIII Memorial Edoardo Crespi B"]
[Site "Milano ITA"]
[Date "2007.12.08"]
[Round "4"]
[White "Delledonne, Francesco"]
[Black "Manca, Renato"]
[Result "1-0"]
[WhiteElo "1837"]
[BlackElo "1843"]
[PlyCount "61"]
[EventDate "2007.12.06"]

1. e4 d5 2. exd5 Nf6 3. Nf3 Nxd5 4. d4 Bg4 5. Be2 e6 6. h3 Bh5 7. Ne5 Bxe2 8.
Qxe2 Bd6 9. Qb5+ Nd7 10. Nxd7 Qxd7 11. Qxb7 O-O 12. O-O Qa4 13. Nc3 Nxc3 14.
bxc3 Qxc2 15. Qb3 Qe4 16. Rd1 Rab8 17. Qc4 Rb7 18. Be3 Rfb8 19. Qd3 Qd5 20. c4
Qa5 21. c5 Be7 22. Rdb1 Rb2 23. Rxb2 Rxb2 24. a4 f5 25. Qc4 Kf7 26. d5 Kg6 27.
d6 Bf6 28. Qxe6 f4 29. Bxf4 cxd6 30. Qe8+ Kf5 31. g4+ 1-0

[Event "XXVIII Memorial Edoardo Crespi B"]
[Site "Milano ITA"]
[Date "2007.12.08"]
[Round "4"]
[White "Epitome, Nando"]
[Black "Marcangeli, Alessandro"]
[Result "1-0"]
[WhiteElo "1673"]
[BlackElo "1712"]
[PlyCount "103"]
[EventDate "2007.12.06"]

1. d4 Nf6 2. c4 g6 3. Nc3 d5 4. Nf3 Bg7 5. h3 O-O 6. Bf4 c6 7. e3 Qb6 8. Rb1
Bf5 9. c5 Qd8 10. Bd3 Bxd3 11. Qxd3 Nbd7 12. O-O Re8 13. b4 Nh5 14. Bh2 e5 15.
dxe5 Nxe5 16. Nxe5 Bxe5 17. f4 Bg7 18. Rf3 Nf6 19. Rbf1 Ne4 20. Ne2 f5 21. Nd4
Qd7 22. Qc2 Bxd4 23. exd4 Qg7 24. Rd1 Re6 25. a4 Rae8 26. b5 Nf6 27. Bg3 Re4
28. Qd3 Nh5 29. Bh2 Re1+ 30. Rf1 R1e3 31. Qd2 Nf6 32. Qa5 cxb5 33. axb5 b6 34.
cxb6 axb6 35. Qxb6 Ne4 36. Qc6 Nc3 37. Rd2 Rb8 38. b6 Qb7 39. Qxb7 Rxb7 40. Rb2
Re6 41. Rc2 Ne2+ 42. Kf2 Nxd4 43. Rd2 Re4 44. Rb1 Kf7 45. Rb4 Nc6 46. Rxe4 dxe4
47. Rb2 Ke6 48. g4 Kd5 49. Bg1 Na5 50. Rb5+ Kc6 51. Rxa5 Rxb6 52. gxf5 1-0

[Event "XXVIII Memorial Edoardo Crespi B"]
[Site "Milano ITA"]
[Date "2007.12.08"]
[Round "4"]
[White "Fantina, Carla"]
[Black "Versari, Marino"]
[Result "0-1"]
[WhiteElo "1839"]
[BlackElo "1530"]
[PlyCount "72"]
[EventDate "2007.12.06"]

1. Nc3 e5 2. e4 Nf6 3. b3 Nc6 4. Bb2 Bb4 5. Nge2 d6 6. a3 Bc5 7. d3 Ng4 8. d4
Nxd4 9. Na4 Qf6 10. Nxc5 Qxf2+ 11. Kd2 Ne3 12. Qe1 Qxe1+ 13. Kxe1 Nexc2+ 14.
Kd2 Nxa1 15. Bxa1 dxc5 16. Nc3 Nxb3+ 17. Kc2 Nxa1+ 18. Kb2 Nb3 19. Kxb3 Be6+
20. Kc2 O-O 21. Nb5 Rac8 22. Be2 a6 23. Nc3 Rfd8 24. Rb1 b6 25. Rb2 Rd4 26. Kc1
b5 27. Bf3 c6 28. Ne2 Rd3 29. Rc2 Rxa3 30. Rxc5 Bd7 31. Rxe5 Kf8 32. Rc5 Ra4
33. Kb2 Rc4 34. Rh5 h6 35. Nc3 a5 36. e5 Be6 0-1

[Event "XXVIII Memorial Edoardo Crespi B"]
[Site "Milano ITA"]
[Date "2007.12.08"]
[Round "4"]
[White "Fiorelli, Paolo"]
[Black "Colombo, Luca"]
[Result "0-1"]
[WhiteElo "1500"]
[BlackElo "1791"]
[PlyCount "139"]
[EventDate "2007.12.06"]

1. d4 Nf6 2. c4 g6 3. Nc3 Bg7 4. e4 d6 5. Nf3 O-O 6. h3 e5 7. d5 a5 8. Be3 Bd7
9. Qd2 Na6 10. Bh6 Nc5 11. Bxg7 Kxg7 12. Qe3 Nh5 13. h4 f5 14. g3 fxe4 15. Nxe5
Nd3+ 16. Nxd3 exd3 17. Bxd3 Re8 18. Be4 Bf5 19. O-O-O Nf6 20. f3 Bxe4 21. Nxe4
Nxe4 22. fxe4 Qe7 23. Qd4+ Qe5 24. Qxe5+ Rxe5 25. Rhe1 Rf8 26. Rd3 Rf2 27. Rde3
h6 28. a3 Re7 29. e5 dxe5 30. Rxe5 Rxe5 31. Rxe5 Rf7 32. Re3 Rd7 33. b4 a4 34.
Re8 Kf6 35. Kd2 b5 36. Kd3 Kf5 37. Re4 bxc4+ 38. Rxc4 Rxd5+ 39. Ke3 Re5+ 40.
Kf3 Rd5 41. Rxc7 Rd3+ 42. Kg2 Rxa3 43. Rf7+ Ke6 44. Rf4 Rb3 45. b5 a3 46. Ra4
Rb2+ 47. Kf3 a2 48. Ke3 Kd5 49. Kd3 Rb3+ 50. Kc2 Rxg3 51. Rxa2 Rg2+ 52. Kb3
Rxa2 53. Kxa2 Kc5 54. Kb2 Kxb5 55. Kc3 Kc5 56. Kd3 Kd5 57. Ke3 Ke5 58. Kf3 Kf5
59. Kg3 Ke4 60. Kg4 Ke3 61. Kg3 h5 62. Kh3 Kf3 63. Kh2 Kg4 64. Kg2 Kxh4 65. Kh2
Kg4 66. Kg2 g5 67. Kh2 Kf3 68. Kh3 g4+ 69. Kh2 Kf2 70. Kh1 0-1

[Event "XXVIII Memorial Edoardo Crespi B"]
[Site "Milano ITA"]
[Date "2007.12.08"]
[Round "4"]
[White "Fizzotti, Mario"]
[Black "Gatta, Luca"]
[Result "0-1"]
[WhiteElo "1843"]
[BlackElo "1578"]
[PlyCount "74"]
[EventDate "2007.12.06"]

1. c4 e6 2. Nc3 d5 3. e3 Nf6 4. Nf3 Bd6 5. g3 c6 6. cxd5 exd5 7. Bg2 Bf5 8. d3
h6 9. O-O O-O 10. b3 Na6 11. Nh4 Bh7 12. e4 dxe4 13. dxe4 g5 14. Nf5 Bxf5 15.
exf5 Be5 16. Bb2 Qxd1 17. Nxd1 Bxb2 18. Nxb2 Rfe8 19. Rfe1 Nb4 20. a3 Nc2 21.
Rxe8+ Rxe8 22. Ra2 Nd4 23. Nc4 Re1+ 24. Bf1 Nxb3 25. Rb2 Nc5 26. Na5 Nfe4 27.
f3 Nd6 28. Rd2 Nxf5 29. Rd8+ Kg7 30. Kf2 Ra1 31. g4 Nh4 32. Ra8 Rxa3 33. Rxa7
Rxf3+ 34. Ke2 Rf4 35. Nxb7 Nxb7 36. Rxb7 Rxg4 37. Bh3 Ra4 0-1

[Event "XXVIII Memorial Edoardo Crespi B"]
[Site "Milano ITA"]
[Date "2007.12.08"]
[Round "4"]
[White "Gavioli, Fabrizio"]
[Black "Tassini, Marco"]
[Result "0-1"]
[WhiteElo "1592"]
[BlackElo "1885"]
[PlyCount "62"]
[EventDate "2007.12.06"]

1. e4 c5 2. Nf3 Nc6 3. d4 cxd4 4. Nxd4 e6 5. g3 Qb6 6. Nb3 Nf6 7. Be3 Qb4+ 8.
N1d2 Nxe4 9. c3 Qa4 10. Bg2 Nxd2 11. Qxd2 Qb5 12. O-O-O d5 13. Rhe1 Be7 14.
Bxd5 Qxd5 15. Qxd5 exd5 16. Rxd5 Be6 17. Rb5 b6 18. Nd4 Nxd4 19. Bxd4 O-O 20.
Rbe5 Bf6 21. R5e4 Bxd4 22. Rxd4 Bxa2 23. c4 Rac8 24. Ree4 f5 25. Re7 a6 26. h4
Rxc4+ 27. Rxc4 Bxc4 28. Kc2 Rc8 29. b3 Kf8 30. Ra7 Bb5+ 31. Kb2 Re8 0-1

[Event "XXVIII Memorial Edoardo Crespi B"]
[Site "Milano ITA"]
[Date "2007.12.08"]
[Round "4"]
[White "Giovannini, Roberto"]
[Black "Pietralunga, Vittorio"]
[Result "1-0"]
[WhiteElo "2013"]
[BlackElo "1625"]
[PlyCount "79"]
[EventDate "2007.12.06"]

1. Nf3 e6 2. g3 d5 3. Bg2 Bd6 4. O-O Nf6 5. d3 Nc6 6. Nbd2 O-O 7. Qe1 Re8 8. e4
e5 9. c3 d4 10. cxd4 Nb4 11. Qe2 Nc2 12. Rb1 Nxd4 13. Nxd4 exd4 14. Nf3 Bg4 15.
h3 Bxf3 16. Bxf3 Qd7 17. Bg2 h6 18. f4 Bc5 19. b4 Nd5 20. Bd2 Bb6 21. Kh2 Ne3
22. Rf3 Qb5 23. Bf1 Rxe4 24. dxe4 Nxf1+ 25. Qxf1 Qxf1 26. Rbxf1 Re8 27. e5 f6
28. Re1 f5 29. g4 Rf8 30. Kg3 g6 31. h4 c6 32. h5 fxg4 33. Kxg4 Kg7 34. hxg6
Kxg6 35. f5+ Kg7 36. Kh5 Kh7 37. e6 c5 38. bxc5 Bxc5 39. e7 Re8 40. f6 1-0

[Event "XXVIII Memorial Edoardo Crespi B"]
[Site "Milano ITA"]
[Date "2007.12.08"]
[Round "4"]
[White "Guerra, Efrain"]
[Black "Cani, Gazmir"]
[Result "1-0"]
[WhiteElo "1900"]
[BlackElo "1719"]
[PlyCount "51"]
[EventDate "2007.12.06"]

1. e4 e5 2. Nf3 Nc6 3. Bc4 Bc5 4. b4 Bxb4 5. c3 Be7 6. d4 d5 7. exd5 e4 8. dxc6
exf3 9. Qxf3 Nf6 10. cxb7 Bxb7 11. Qxb7 O-O 12. O-O c5 13. Be3 Ng4 14. Qf3 Nf6
15. Nd2 Qa5 16. Rac1 Rad8 17. Ne4 cxd4 18. Bxd4 Nxe4 19. Qxe4 Bc5 20. Bd3 g6
21. Qe5 Rxd4 22. cxd4 Bb6 23. Qf6 Qxa2 24. Bc4 Qb2 25. Rfe1 Bxd4 26. Bxf7+ 1-0

[Event "XXVIII Memorial Edoardo Crespi B"]
[Site "Milano ITA"]
[Date "2007.12.08"]
[Round "4"]
[White "Landais, Federico"]
[Black "Cantu', Guido"]
[Result "0-1"]
[WhiteElo "1795"]
[BlackElo "1887"]
[PlyCount "102"]
[EventDate "2007.12.06"]

1. g3 d5 2. Bg2 Nf6 3. d4 e6 4. Nf3 Nbd7 5. Bg5 Be7 6. Nc3 O-O 7. Qd3 c5 8. e3
b6 9. h4 Bb7 10. h5 Ne4 11. Bxe7 Qxe7 12. Ne5 Nxe5 13. dxe5 Nxc3 14. Qxc3 d4
15. exd4 cxd4 16. Qxd4 Bxg2 17. Rh2 Rfd8 18. Qg4 Bb7 19. h6 g6 20. c3 Rd5 21.
f4 Qc5 22. Kf1 Ba6+ 23. Kg2 Rd2+ 24. Kh3 Rxh2+ 25. Kxh2 Qf2+ 26. Kh3 Bf1+ 27.
Kh4 Qh2+ 28. Kg5 Be2 29. Qh4 Qxh4+ 30. Kxh4 Rd8 31. Re1 Bc4 32. b3 Bb5 33. c4
Bc6 34. Re2 Kf8 35. Kg5 Ke7 36. Re3 Rd2 37. a4 Rd4 38. Rc3 a6 39. Re3 Be4 40.
Rc3 Rd3 41. Rc1 Rxg3+ 42. Kh4 Rf3 43. b4 Bf5 44. Rh1 Rxf4+ 45. Kg3 Rxc4 46. b5
axb5 47. axb5 Re4 48. Ra1 Rxe5 49. Ra7+ Kf6 50. Ra8 Rxb5 51. Rh8 g5 0-1

[Event "XXVIII Memorial Edoardo Crespi B"]
[Site "Milano ITA"]
[Date "2007.12.08"]
[Round "4"]
[White "Marino, Marco"]
[Black "Raineri, Pieroberto"]
[Result "0-1"]
[WhiteElo "1858"]
[BlackElo "1614"]
[PlyCount "40"]
[EventDate "2007.12.06"]

1. e4 c5 2. Nf3 Nc6 3. Bb5 g6 4. O-O Bg7 5. c3 Nf6 6. e5 Nd5 7. d4 cxd4 8. cxd4
O-O 9. Nc3 Nxc3 10. bxc3 d6 11. exd6 Qxd6 12. Re1 Re8 13. Bb2 a6 14. Bd3 b5 15.
Ng5 f5 16. Qb3+ e6 17. Ba3 Qd7 18. d5 Na5 19. dxe6 Qxd3 20. e7+ Nxb3 0-1

[Event "XXVIII Memorial Edoardo Crespi B"]
[Site "Milano ITA"]
[Date "2007.12.08"]
[Round "4"]
[White "Melino, Gianluca"]
[Black "Casale, Anania"]
[Result "1-0"]
[WhiteElo "1819"]
[BlackElo "1711"]
[PlyCount "49"]
[EventDate "2007.12.06"]

1. d4 Nf6 2. Bg5 d5 3. Bxf6 exf6 4. e3 Bd6 5. c4 O-O 6. Nc3 Bb4 7. a3 Bxc3+ 8.
bxc3 c5 9. Qb3 dxc4 10. Bxc4 Nc6 11. Qd1 cxd4 12. cxd4 Qa5+ 13. Qd2 Qxd2+ 14.
Kxd2 Bf5 15. Ne2 Rac8 16. Rhc1 Na5 17. Ba2 Rfd8 18. Rxc8 Rxc8 19. Rc1 Rd8 20.
Rc7 Be6 21. Bxe6 b6 22. Rc8 Nb3+ 23. Kc3 Rxc8+ 24. Bxc8 Na5 25. Ba6 1-0

[Event "XXVIII Memorial Edoardo Crespi B"]
[Site "Milano ITA"]
[Date "2007.12.08"]
[Round "4"]
[White "Olivo, Mario"]
[Black "Alidosi, Marco"]
[Result "0-1"]
[WhiteElo "1887"]
[BlackElo "1512"]
[PlyCount "94"]
[EventDate "2007.12.06"]

1. c4 Nf6 2. Nc3 g6 3. g3 Bg7 4. Bg2 c6 5. e4 e5 6. Nge2 O-O 7. O-O d6 8. d3
Nh5 9. Be3 Nd7 10. Qd2 Nc5 11. b4 Ne6 12. Bh6 Qf6 13. Bxg7 Qxg7 14. a4 f5 15.
exf5 gxf5 16. f4 Bd7 17. Kh1 Qh6 18. Rad1 Rf7 19. fxe5 Qxd2 20. Rxd2 dxe5 21.
d4 exd4 22. Nxd4 Nxd4 23. Rxd4 Raf8 24. Rfd1 Be8 25. Bf3 Ng7 26. Ne2 Re7 27.
Nf4 Ne6 28. Nxe6 Rxe6 29. Kg2 Ref6 30. Rd6 Kg7 31. b5 a6 32. bxa6 bxa6 33. c5
R8f7 34. Rd8 Re7 35. Ra8 Re3 36. Rdd8 Bf7 37. Rxa6 Rc3 38. Rd6 Rc2+ 39. Kh3 Be6
40. Ra8 Kh6 41. Rxc6 Kg5 42. Rxe6 Rxe6 43. Rg8+ Kf6 44. c6 Ke5 45. Rg5 Rf2 46.
Bh5 Rxc6 47. Be8 Rcc2 0-1

[Event "XXVIII Memorial Edoardo Crespi B"]
[Site "Milano ITA"]
[Date "2007.12.08"]
[Round "4"]
[White "Pohossov, Eduard"]
[Black "Acunzo, Domenico"]
[Result "0-1"]
[WhiteElo "1464"]
[BlackElo "1775"]
[PlyCount "94"]
[EventDate "2007.12.06"]

1. e4 e6 2. d4 d5 3. e5 c5 4. Nf3 Nc6 5. Bd3 cxd4 6. O-O f6 7. Nh4 g6 8. f4 f5
9. Nf3 Qe7 10. b3 Bd7 11. Ba3 Qg7 12. Bb2 Bc5 13. a3 a6 14. Nbd2 Nh6 15. h3 Nf7
16. b4 Bb6 17. Nb3 g5 18. Nc5 Bxc5 19. bxc5 gxf4 20. Nxd4 h5 21. Nxc6 Bxc6 22.
Bd4 Ng5 23. h4 Ne4 24. Rxf4 O-O-O 25. c3 Rdg8 26. Bf1 Qe7 27. Ra2 Rg4 28. Rxg4
hxg4 29. g3 Nxg3 30. Rh2 Rxh4 31. Qd2 Qh7 32. Bd3 Rxh2 33. Qxh2 Qxh2+ 34. Kxh2
Nh5 35. Bc2 Kd7 36. Bd1 Ke7 37. Kg2 Kf7 38. Kf2 Kg6 39. Bc2 Kg5 40. Be3+ f4 41.
Bd4 Be8 42. Bd1 Kh4 43. a4 Bg6 44. a5 g3+ 45. Kg2 Be4+ 46. Bf3 Bxf3+ 47. Kxf3
Kh3 0-1

[Event "XXVIII Memorial Edoardo Crespi B"]
[Site "Milano ITA"]
[Date "2007.12.08"]
[Round "4"]
[White "Silari, Andrea"]
[Black "Gandolfi, Gianfranco"]
[Result "0-1"]
[WhiteElo "1721"]
[BlackElo "1856"]
[PlyCount "102"]
[EventDate "2007.12.06"]

1. e4 e5 2. Nf3 Nc6 3. Bb5 a6 4. Ba4 Nf6 5. O-O Be7 6. Re1 b5 7. Bb3 d6 8. h3
O-O 9. a4 Bb7 10. d3 h6 11. Nbd2 d5 12. exd5 Nxd5 13. Nxe5 Nxe5 14. Rxe5 Nf4
15. Ne4 Ng6 16. Rxe7 Qxe7 17. Qh5 Bxe4 18. dxe4 Qxe4 19. Bxh6 gxh6 20. Bd5 Qxc2
21. Bxa8 Rxa8 22. axb5 Qxb2 23. Rxa6 Rxa6 24. bxa6 Qa1+ 25. Kh2 Qxa6 26. Qxh6
Qd6+ 27. g3 Qd4 28. Qe3 Qxe3 29. fxe3 c5 30. Kg2 Ne5 31. Kf2 Kg7 32. e4 Kg6 33.
Ke3 Kg5 34. Ke2 f6 35. Ke3 Nc4+ 36. Kd3 Nd6 37. Ke3 c4 38. Kd4 c3 39. Kxc3
Nxe4+ 40. Kd3 Nxg3 41. Ke3 Kh4 42. Kf3 Kxh3 43. Kf4 Kh4 44. Kf3 Nh5 45. Ke4 Kg5
46. Kf3 f5 47. Kg2 Kg4 48. Kf2 f4 49. Kg2 f3+ 50. Kh2 Kf4 51. Kg1 Ke3 0-1

[Event "XXVIII Memorial Edoardo Crespi B"]
[Site "Milano ITA"]
[Date "2007.12.08"]
[Round "4"]
[White "Squarci, Franco"]
[Black "Centofante, Maria Rosa"]
[Result "1-0"]
[WhiteElo "1831"]
[BlackElo "1544"]
[PlyCount "47"]
[EventDate "2007.12.06"]

1. Nf3 c6 2. e4 Nf6 3. e5 Nd5 4. c4 Nf4 5. d4 Ng6 6. Bd3 e6 7. h4 Bb4+ 8. Nc3
d5 9. c5 Qa5 10. Qc2 Bxc3+ 11. bxc3 Nd7 12. h5 Nf4 13. Bxf4 f5 14. Ng5 Nf8 15.
O-O h6 16. Nf3 g5 17. hxg6 Nxg6 18. Bd2 Qd8 19. g3 Kf7 20. Kg2 Bd7 21. Rh1 Kg7
22. Rh3 Be8 23. Rah1 f4 24. gxf4 1-0

[Event "XXVIII Memorial Edoardo Crespi B"]
[Site "Milano ITA"]
[Date "2007.12.08"]
[Round "4"]
[White "Weiss, Nicolo'"]
[Black "Donadi, Luca"]
[Result "0-1"]
[WhiteElo "1536"]
[BlackElo "1754"]
[PlyCount "92"]
[EventDate "2007.12.06"]

1. d4 Nf6 2. c4 g6 3. Nc3 d5 4. Nf3 Bg7 5. e3 O-O 6. b3 c5 7. Be2 Nc6 8. Rb1
cxd4 9. exd4 Bf5 10. Rb2 dxc4 11. bxc4 Ne4 12. Nxe4 Bxe4 13. Be3 Bxf3 14. Bxf3
Nxd4 15. Rd2 Nxf3+ 16. gxf3 Bc3 17. Qb3 Bxd2+ 18. Bxd2 Qb6 19. Be3 Qxb3 20.
axb3 a6 21. Kd2 Rad8+ 22. Kc3 Rd7 23. Re1 Rfd8 24. Bb6 Rd3+ 25. Kb4 R8d7 26. f4
Rh3 27. Rh1 Rdd3 28. Be3 Rh5 29. c5 Rdd5 30. Kc4 e6 31. b4 Kf8 32. b5 axb5+ 33.
Kxb5 Rd3 34. Kb6 Rb3+ 35. Kc7 Rxe3 36. fxe3 Rxc5+ 37. Kxb7 Rc3 38. Re1 Rc2 39.
h3 Rh2 40. Kc6 Rxh3 41. Kd6 h5 42. Ke5 Kg7 43. e4 Rf3 44. Rh1 f6+ 45. Kxe6 Rxf4
46. e5 Re4 0-1

[Event "XXVIII Memorial Edoardo Crespi B"]
[Site "Milano ITA"]
[Date "2007.12.08"]
[Round "5"]
[White "Acunzo, Domenico"]
[Black "Cartella, Giovanni"]
[Result "1/2-1/2"]
[WhiteElo "1775"]
[BlackElo "1868"]
[PlyCount "93"]
[EventDate "2007.12.06"]

1. e4 c5 2. Nf3 d6 3. Be2 Nc6 4. c3 Nf6 5. d4 e6 6. Qc2 Be7 7. O-O O-O 8. Nbd2
Bd7 9. h3 cxd4 10. cxd4 Rc8 11. Qb3 Na5 12. Qd3 a6 13. Qb1 b5 14. Bd3 h6 15. e5
Nd5 16. Ne4 Nb4 17. Bd2 Nxd3 18. Qxd3 Nc4 19. Bc3 dxe5 20. Nxe5 Nxe5 21. dxe5
Bc6 22. Qxd8 Rfxd8 23. Nd6 Bxd6 24. exd6 Rxd6 25. Ba5 Bd5 26. a3 Rdc6 27. Bc3
f6 28. Rfe1 Kf7 29. Re3 g5 30. Rg3 Rc4 31. Rd1 Rg8 32. Rg4 Rcc8 33. a4 h5 34.
Rb4 Bc4 35. axb5 Bxb5 36. Rbd4 g4 37. hxg4 Rxg4 38. Rxg4 hxg4 39. Rd4 f5 40. f3
Rg8 41. fxg4 Rxg4 42. Rxg4 fxg4 43. Kf2 Kg6 44. Ke3 Kf5 45. g3 Bc6 46. Ba5 e5
47. Be1 1/2-1/2

[Event "XXVIII Memorial Edoardo Crespi B"]
[Site "Milano ITA"]
[Date "2007.12.08"]
[Round "5"]
[White "Albrizio, Mauro"]
[Black "Gavioli, Fabrizio"]
[Result "0-1"]
[WhiteElo "1692"]
[BlackElo "1592"]
[PlyCount "82"]
[EventDate "2007.12.06"]

1. e4 d5 2. exd5 Nf6 3. d4 Nxd5 4. Nf3 g6 5. c4 Nb6 6. Bd3 Bg7 7. Be3 O-O 8.
O-O Nc6 9. Be2 Bf5 10. Nc3 e5 11. d5 Na5 12. b4 Naxc4 13. Bg5 Qd6 14. Nb5 Qd7
15. a4 a6 16. Nc3 h6 17. Bh4 g5 18. Bg3 Rfe8 19. a5 Nb2 20. Qc1 N6c4 21. Nd2
Nd3 22. Bxd3 Bxd3 23. Rd1 Nxd2 24. Rxd2 e4 25. Ra3 f5 26. f4 g4 27. Bf2 Qd6 28.
g3 Qxb4 29. Qa1 Qd6 30. Qa2 Bf8 31. Ra4 Bb5 32. Nxb5 axb5 33. Rc2 bxa4 34. Bc5
Qf6 35. Bxf8 Kxf8 36. Rxc7 Rxa5 37. Qa3+ Kg8 38. d6 Qd4+ 39. Kf1 Rd5 40. Qa2
Qd1+ 41. Kg2 Qd2+ 0-1

[Event "XXVIII Memorial Edoardo Crespi B"]
[Site "Milano ITA"]
[Date "2007.12.08"]
[Round "5"]
[White "Alidosi, Marco"]
[Black "Carbone, Lorenzo"]
[Result "0-1"]
[WhiteElo "1512"]
[BlackElo "1755"]
[PlyCount "80"]
[EventDate "2007.12.06"]

1. Nf3 c5 2. e4 d6 3. d3 Nc6 4. g3 e5 5. Bg2 Nf6 6. O-O Be7 7. h3 O-O 8. c3 Be6
9. Na3 Qd7 10. Ng5 h6 11. Nxe6 Qxe6 12. Nc2 b5 13. Ne3 b4 14. Nd5 Rac8 15. f4
Qd7 16. Kh2 Nxd5 17. exd5 Nd8 18. f5 Bf6 19. Be4 bxc3 20. bxc3 c4 21. d4 Qe7
22. Bc2 Rb8 23. Qh5 Kh7 24. Re1 Rb5 25. a4 Rxd5 26. Ba3 Qc7 27. Be4 Ra5 28. Bc1
exd4 29. cxd4 Nc6 30. d5 Ne5 31. Rf1 Qb6 32. Ra2 Qd4 33. Re2 Rxa4 34. g4 Ra1
35. Bb2 c3 36. g5 Rxf1 37. Rg2 Qxe4 38. gxf6 Nf3+ 39. Kg3 cxb2 40. Rxb2 Qe5+
0-1

[Event "XXVIII Memorial Edoardo Crespi B"]
[Site "Milano ITA"]
[Date "2007.12.08"]
[Round "5"]
[White "Bisignano, Riccardo"]
[Black "Delledonne, Francesco"]
[Result "1/2-1/2"]
[WhiteElo "1884"]
[BlackElo "1837"]
[PlyCount "62"]
[EventDate "2007.12.06"]

1. e4 c5 2. f4 Nc6 3. Nf3 d6 4. Nc3 Nf6 5. g3 g6 6. d3 Bg7 7. h3 O-O 8. Bg2 Rb8
9. O-O b5 10. Ne2 Bb7 11. g4 Qc7 12. Ng3 Nd4 13. Be3 Nd7 14. c3 Nxf3+ 15. Qxf3
d5 16. Qf2 dxe4 17. Nxe4 b4 18. Rac1 bxc3 19. bxc3 c4 20. d4 Bd5 21. Qh4 Qc6
22. Ng5 h6 23. Nf3 Nf6 24. f5 g5 25. Ne5 Qd6 26. Qf2 Nd7 27. Bxd5 Qxd5 28. Nxd7
Qxd7 29. Qg2 e5 30. Rce1 Bf6 31. h4 Qb7 1/2-1/2

[Event "XXVIII Memorial Edoardo Crespi B"]
[Site "Milano ITA"]
[Date "2007.12.08"]
[Round "5"]
[White "Cani, Gazmir"]
[Black "Costanza, Calogero"]
[Result "1-0"]
[WhiteElo "1719"]
[BlackElo "1655"]
[PlyCount "113"]
[EventDate "2007.12.06"]

1. e4 c5 2. Nf3 d6 3. d4 cxd4 4. Nxd4 Nf6 5. Nc3 a6 6. Bg5 e5 7. Nb3 Be7 8.
Bxf6 Bxf6 9. Nd5 O-O 10. Bd3 Nc6 11. Nxf6+ Qxf6 12. c3 Be6 13. Nd2 Rfd8 14. Bc4
d5 15. exd5 Bxd5 16. Bxd5 Rxd5 17. Qe2 Rad8 18. Ne4 Qg6 19. O-O f5 20. Ng3 Rd2
21. Qc4+ Kf8 22. b4 b5 23. Qc5+ Kg8 24. Nxf5 Qxf5 25. Qxc6 R8d6 26. Qe8+ Qf8
27. Qxe5 R2d5 28. Qe1 Rd2 29. a4 h6 30. axb5 axb5 31. Qe4 R2d5 32. h3 Qc8 33.
Rfc1 Qf8 34. Re1 Qc8 35. Qe8+ Qxe8 36. Rxe8+ Kf7 37. Re3 g5 38. Ra7+ Rd7 39.
Rxd7+ Rxd7 40. Re5 Rb7 41. Kf1 Kf6 42. Rc5 Rb6 43. g4 Ke6 44. Ke2 Kd6 45. Ke3
Rb7 46. Kd4 Rb6 47. Rf5 Ke6 48. c4 bxc4 49. Kxc4 Rc6+ 50. Kb5 Rd6 51. Kc5 Rd2
52. b5 Rb2 53. Kc6 Ke7 54. b6 Rc2+ 55. Rc5 Rxc5+ 56. Kxc5 Kd7 57. Kd5 1-0

[Event "XXVIII Memorial Edoardo Crespi B"]
[Site "Milano ITA"]
[Date "2007.12.08"]
[Round "5"]
[White "Cantu', Guido"]
[Black "Coladangelo, Andrea"]
[Result "1-0"]
[WhiteElo "1887"]
[BlackElo "1809"]
[PlyCount "99"]
[EventDate "2007.12.06"]

1. e4 c5 2. Nf3 d6 3. d4 cxd4 4. Nxd4 Nf6 5. Nc3 a6 6. Be3 e5 7. Nb3 Be6 8. f3
Nbd7 9. Qd2 Be7 10. O-O-O b5 11. g4 Nb6 12. g5 Nh5 13. Na5 Qc7 14. Bxb5+ axb5
15. Nxb5 Qd7 16. Nxd6+ Qxd6 17. Qxd6 Bxd6 18. Bxb6 Be7 19. h4 Bxa2 20. Nc6 Be6
21. Nxe7 Kxe7 22. Bc5+ Ke8 23. Ba3 f6 24. Rd6 Kf7 25. Rhd1 Nf4 26. Rb6 Rhb8 27.
Rxb8 Rxb8 28. gxf6 gxf6 29. b3 Ne2+ 30. Kb2 Nd4 31. Rd3 Rg8 32. Bc5 Ne2 33. b4
Nf4 34. Ra3 Ng2 35. Bf2 Kg6 36. b5 Kh5 37. Ra7 h6 38. b6 Rb8 39. Re7 Bc8 40. c4
Rb7 41. Re8 Bd7 42. Rf8 Kg6 43. Rg8+ Kf7 44. Rxg2 Ke6 45. Be3 h5 46. c5 Be8 47.
Rd2 Rd7 48. Rc2 Rd3 49. c6 Bd7 50. b7 1-0

[Event "XXVIII Memorial Edoardo Crespi B"]
[Site "Milano ITA"]
[Date "2007.12.08"]
[Round "5"]
[White "Casale, Anania"]
[Black "Fiorelli, Paolo"]
[Result "1/2-1/2"]
[WhiteElo "1711"]
[BlackElo "1500"]
[PlyCount "111"]
[EventDate "2007.12.06"]

1. d4 Nf6 2. c4 d6 3. Nc3 g6 4. e4 Bg7 5. f3 O-O 6. Be3 e5 7. d5 Nh5 8. Nge2
Nd7 9. Qd2 Nb6 10. Ng3 Nf4 11. Bd3 Nxd3+ 12. Qxd3 Nd7 13. h4 h5 14. Qd2 Kh7 15.
Bg5 f6 16. Be3 Nb6 17. Qe2 Bd7 18. O-O-O Na4 19. Nxa4 Bxa4 20. Rdf1 c5 21. f4
exf4 22. Bxf4 Bd7 23. Nxh5 gxh5 24. Qxh5+ Kg8 25. Qg6 Be8 26. Qg3 f5 27. h5 Kh7
28. h6 Bd4 29. Re1 Rg8 30. Qh3 Qf6 31. Qxf5+ Qxf5 32. exf5 Rxg2 33. Re7+ Kh8
34. Bxd6 Bxb2+ 35. Kb1 b6 36. Be5+ Bxe5 37. Rxe5 Ba4 38. f6 Bc2+ 39. Ka1 Rf8
40. Re6 Rf2 41. Re7 a5 42. d6 R2xf6 43. d7 Ba4 44. h7 Rd8 45. Rg1 Bxd7 46. Rgg7
Ba4 47. Rg4 Rf2 48. Re1 Rdf8 49. Rg6 R2f6 50. Rg2 Kxh7 51. Re7+ R8f7 52. Re8
Rf1+ 53. Kb2 R7f2+ 54. Rxf2 Rxf2+ 55. Ka3 Bc6 56. Re6 1/2-1/2